Stratigraphy and geologic structure of Northern Illinois, (Record no. 26621)
[ view plain ]
| 000 -LEADER | |
|---|---|
| fixed length control field | 01074cam a22002771 4500 |
| 001 - CONTROL NUMBER | |
| control field | gs 28000083 |
| 003 - CONTROL NUMBER IDENTIFIER | |
| control field | DLC |
| 005 - DATE AND TIME OF LATEST TRANSACTION | |
| control field | 20260227111332.0 |
| 008 - FIXED-LENGTH DATA ELEMENTS--GENERAL INFORMATION | |
| fixed length control field | 790607s1927 ilua b s000 0 eng |
| 010 ## - LIBRARY OF CONGRESS CONTROL NUMBER | |
| LC control number | gs 28000083 |
| 035 ## - SYSTEM CONTROL NUMBER | |
| System control number | (OCoLC)5045249 |
| 040 ## - CATALOGING SOURCE | |
| Original cataloging agency | DLC |
| Transcribing agency | TxCM |
| Modifying agency | OCoLC |
| -- | DLC |
| 042 ## - AUTHENTICATION CODE | |
| Authentication code | premarc |
| 050 00 - LIBRARY OF CONGRESS CALL NUMBER | |
| Classification number | QE105 |
| Item number | .T5 |
| 100 1# - MAIN ENTRY--PERSONAL NAME | |
| Personal name | Thwaites, F. T. |
| Fuller form of name | (Fredrik Turville), |
| Dates associated with a name | 1883-1961. |
| 245 10 - TITLE STATEMENT | |
| Title | Stratigraphy and geologic structure of Northern Illinois, |
| Remainder of title | with special reference to underground water supplies, |
| Statement of responsibility, etc. | by R. T. Thwaites. |
| 260 ## - PUBLICATION, DISTRIBUTION, ETC. | |
| Place of publication, distribution, etc. | Urbana, Illinois |
| -- | [Springfield, |
| Name of publisher, distributor, etc. | Jeffersons Printing and Stationery Co.] |
| Date of publication, distribution, etc. | 1927. |
| 300 ## - PHYSICAL DESCRIPTION | |
| Extent | 49 p. |
| Other physical details | illus. |
| 410 20 - SERIES STATEMENT/ADDED ENTRY--CORPORATE NAME [OBSOLETE, CAN/MARC], [LOCAL, USA] | |
| Corporate name or jurisdiction name as entry element | Illinois State Geological Survey |
| Title of a work | Report of investigations |
| Volume number/sequential designation | no. 13 |
| 500 ## - GENERAL NOTE | |
| General note | At head of title: State of Illinois. Department of Registration and Education. Division of the State Geological Survey. |
| 500 ## - GENERAL NOTE | |
| General note | Plates folded in pocket. |
| 504 ## - BIBLIOGRAPHY, ETC. NOTE | |
| Bibliography, etc. note | Bibliographical footnotes. |
| 650 #0 - SUBJECT ADDED ENTRY--TOPICAL TERM | |
| Topical term or geographic name entry element | Geology |
| Geographic subdivision | Illinois. |
| 650 #0 - SUBJECT ADDED ENTRY--TOPICAL TERM | |
| Topical term or geographic name entry element | Water-supply |
| Geographic subdivision | Illinois. |
| 650 #0 - SUBJECT ADDED ENTRY--TOPICAL TERM | |
| Topical term or geographic name entry element | Groundwater. |
No items available.